Byers speeds up planning (Record no. 67850)
[ view plain ]
| 000 -LEADER | |
|---|---|
| fixed length control field | 00844cam a2200193 4500 |
| 001 - CONTROL NUMBER | |
| control field | WB3730-26 |
| 008 - FIXED-LENGTH DATA ELEMENTS--GENERAL INFORMATION | |
| fixed length control field | 010801n2001 000 0 eng u |
| 035 ## - SYSTEM CONTROL NUMBER | |
| System control number | (Sirsi) u113876 |
| 245 ## - TITLE STATEMENT | |
| Title | Byers speeds up planning |
| 260 ## - PUBLICATION, DISTRIBUTION, ETC. | |
| Date of publication, distribution, etc. | 2001 |
| 490 ## - SERIES STATEMENT | |
| Series statement | Estates Gazette |
| Volume/sequential designation | (0130) 28 July 2001, 30 |
| 490 ## - SERIES STATEMENT | |
| Series statement | CBI News |
| Volume/sequential designation | 26 July 2001, 1(2) |
| 520 ## - SUMMARY, ETC. | |
| Summary, etc. | Government has begun the reform of the planning system with the launch of measures to accelerate decisions on major infrastructure projects such as Heathrow's Terminal 5. The CBI has put forward its 10-point reform plan of the planning system to government asking that government will guarantee to implement the changes. |
| 590 ## - LOCAL NOTE (RLIN) | |
| Local note | WB |
| 650 ## - SUBJECT ADDED ENTRY--TOPICAL TERM | |
| Topical term or geographic name entry element | PLANNING PROCEDURE |
| 650 ## - SUBJECT ADDED ENTRY--TOPICAL TERM | |
| Topical term or geographic name entry element | PLANNING REFORM |
| 690 ## - LOCAL SUBJECT ADDED ENTRY--TOPICAL TERM (OCLC, RLIN) | |
| Topical term or geographic name as entry element | ENVIRONMENTAL AND LAND CONSULTANCY-PLANNING AND DEVELOPMENT |
| 942 ## - ADDED ENTRY ELEMENTS (KOHA) | |
| Suppress in OPAC | 0 |
| Withdrawn status | Lost status | Source of classification or shelving scheme | Damaged status | Not for loan | Home library | Current library | Shelving location | Date acquired | Total Checkouts | Full call number | Barcode | Date last seen | Copy number | Price effective from | Koha item type |
|---|---|---|---|---|---|---|---|---|---|---|---|---|---|---|---|
| Dewey Decimal Classification | London | London | News article | 01/08/2001 | WB3730-26 | 113876-1001 | 06/08/2019 | 1 | 06/08/2019 | News article |